| 000 | 01090nam a2200277Ia 4500 | ||
|---|---|---|---|
| 003 | OSt | ||
| 005 | 20220923211228.0 | ||
| 006 | a|||||r|||| 00| 0 | ||
| 007 | ta | ||
| 008 | 220922b |||||||| |||| 00| 0 hin d | ||
| 020 |
_a9788171106196 (hbk) _c495 |
||
| 024 | _a348,245 | ||
| 037 |
_b266/1, 18/01/2019, Vidyanidhi Prakashan _cTextual |
||
| 040 |
_aARTS _cARTS _bhin |
||
| 041 |
_2hin _ahin |
||
| 082 | _aO152,2:g, Q8 | ||
| 100 | _aद्विवेदी, मीरा, ले. | ||
| 245 | 0 |
_aसंस्कृतनाट्य _b अभिनय एवं पटकथा - लेखन |
|
| 246 | _aSanskṛutanāṭya: abhinaya evan paṭakathā - lekhana | ||
| 260 |
_aदिल्ली _b परिमल पब्लिकेशन्स _c2018 |
||
| 300 |
_a332पृ. _ccm. |
||
| 650 |
_a संस्कृत नाटक _9159960 |
||
| 650 | _aसंस्कृत साहित्य | ||
| 942 |
_hO152,2:g, Q8 _cTEXL _2CC |
||
| 999 |
_c297300 _d297300 |
||